000 00319nam a2200133 a 4500
001 5229
003 CDMR
005 20130116135306.0
008 130130s2000||||||||||||||||||||||||||||d
040 _aCDMR
_bcat
_cCPC GIRONA
245 0 _aMemòria de dades desembre 2000
260 _c2000
_bUniversitat de Girona
942 _cMON
999 _c5229
_d5229